000 00431pab a2200169 454500
008 180718b1999 xxu||||| |||| 00| 0 eng d
100 _aDasgupta, Gurudas
245 _aBJP government's disastrous economic policy
260 _c1999
300 _ap.11-12,21
362 _a11 Sep
650 _aBhartiya Janata Party
650 _aIndia - Economic policy
650 _aEconomic policy
773 _aMainstream
909 _a42577
999 _c42577
_d42577